Logo CIB grande

OPORTUNIDADES PARA LA MAYORIA (Registro nro. 226278)

Detalles MARC
000 -LEADER
campo de control de longitud fija 00665nam a2200241Ia 4500
005 - FECHA Y HORA DE LA ÚLTIMA TRANSACCIÓN
campo de control 20250425162308.0
008 - DATOS DE LONGITUD FIJA--INFORMACIÓN GENERAL
campo de control de longitud fija 250425s9999 xx 000 0 und d
041 ## - CÓDIGO DE IDIOMA
Código de lengua del texto/banda sonora o título independiente spa
082 ## - NÚMERO DE LA CLASIFICACIÓN DECIMAL DEWEY
Número de clasificación 361
010 ## - NÚMERO DE CONTROL DE LA BIBLIOTECA DEL CONGRESO
Número de control de LC 60136
100 ## - ENTRADA PRINCIPAL--NOMBRE DE PERSONA
Nombre de persona BANCO INTERAMERICANO, DE DESARROLLO
245 #0 - MENCIÓN DEL TÍTULO
Título OPORTUNIDADES PARA LA MAYORIA
250 ## - MENCION DE EDICION
Mención de edición S.E
260 ## - PUBLICACIÓN, DISTRIBUCIÓN, ETC.
Lugar de publicación, distribución, etc. Estados Unidos
Nombre del editor, distribuidor, etc. BANCO INTERAMERICANO DE DESARROLLO
Fecha de publicación, distribución, etc. 1950
260 ## - PUBLICACIÓN, DISTRIBUCIÓN, ETC.
Lugar de publicación, distribución, etc. WASHINGTON
300 ## - DESCRIPCIÓN FÍSICA
Extensión 150
500 ## - NOTA GENERAL
Nota general ASOCIACIONES, PROBLEMAS DE VIVIENDAS , DEMOCRACIA FINANCIERA
650 ## - PUNTO DE ACCESO ADICIONAL DE MATERIA--TÉRMINO DE MATERIA
Término de materia o nombre geográfico como elemento de entrada DEMOCRACIA
650 ## - PUNTO DE ACCESO ADICIONAL DE MATERIA--TÉRMINO DE MATERIA
Término de materia o nombre geográfico como elemento de entrada EMPRESAS
650 ## - PUNTO DE ACCESO ADICIONAL DE MATERIA--TÉRMINO DE MATERIA
Término de materia o nombre geográfico como elemento de entrada VIVIENDAS
710 ## - ENTRADA AGREGADA--NOMBRE DE ENTIDAD CORPORATIVA
Nombre de entidad corporativa o nombre de jurisdicción como elemento de entrada BANCO INTERAMERICANO DE DESARRROLLO
942 ## - ELEMENTOS DE ENTRADA SECUNDARIOS (KOHA)
Tipo de ítem Koha Libros
Existencias
Estatus retirado Estado de pérdida Estado de daño No para préstamo Biblioteca de origen Biblioteca actual Ubicación en estantería Fecha de adquisición Coste, precio normal de compra Total de préstamos Código de barras Copia número Nota pública
        ESCUELA DE NEGOCIOS ESCUELA DE NEGOCIOS   11/10/2006 10.00   D-P 09142 1 DONADO

Copyright 2025 ESPOL. Todos los derechos reservados.